Le pére Gervais Quenard, supérieur général des Assomptionistes: -1875-1961-
Gorde:
| Egile nagusia: | |
|---|---|
| Formatua: | Liburua |
| Hizkuntza: | frantsesa |
| Argitaratua: |
París
Maison de la Bonne Presse
1967
|
| Edizioa: | 1a. ed |
| Gaiak: | |
| Etiketak: |
Etiketa erantsi
Etiketarik gabe, Izan zaitez lehena erregistro honi etiketa jartzen!
|
MARC
| LEADER | 00000cam a2200000 a 4500 | ||
|---|---|---|---|
| 001 | UCE5412 | ||
| 003 | CL-VaPUC | ||
| 008 | 141230e19670000fr |||||||||||||||||fre|d | ||
| 082 | 0 | 4 | |a 271.4 |b GIR |2 21 |
| 100 | 0 | |a Girard-Reydet, Joseph |e author |9 578036 | |
| 245 | 1 | 3 | |a Le pére Gervais Quenard, supérieur général des Assomptionistes: -1875-1961- |
| 250 | |a 1a. ed | ||
| 300 | |a 302 p | ||
| 942 | |c BK | ||
| 945 | |d 20141230 16:04:00 |a arojas | ||
| 260 | |a París |b Maison de la Bonne Presse |c 1967 | ||
| 600 | 0 | 7 | |a AGUSTINOS DE LA ASUNCION |2 CL-VaPUC |9 257497 |
| 650 | 0 | |a Agustinos |9 323857 | |
| 650 | 0 | |a Asuncionistas |9 478082 | |
| 650 | 0 | |a Biografías |9 255210 | |
| 583 | |a last modification |c 20141230 16:04:00 |k Rodrigo Vera | ||
| 999 | |c 358140 |d 358138 | ||
| 952 | |0 0 |1 0 |3 erb |4 0 |6 271_400000000000000_GIR_1967 |7 0 |8 X |9 466650 |a FDOBUD |b FDOBUD |i 5150213 |o 271.4 GIR 1967 |p 5150213 |r 2019-11-23 |w 2019-11-23 |y BK_X |z Catalogado en:20141230 |k BUD | ||